000 00332 a2200157 4500
001 152588
040 _cEscola São Tomás de Aquino
100 _aSHAKESPEARE, William
240 1 0 _aRe Lear
_lpor
245 1 0 _aRe Lear
300 _a103
362 0 _a2002
440 1 _aScipione
697 _a*LITERATURA JUVENIL
942 _cBK
999 _c152588
_d152588